000 01032pam a2200325 i 4500
001 33615
003 BD-RjUL
005 20211209052032.0
008 140510s1981 cau b 001 0 eng
020 _a0520041208
020 _a0520042757
035 _a(BD-RjUL)33706
040 _aDLC
_cDLC
_dBD-RjUL
_beng
041 _aeng
082 0 0 _a305.52
_bCOP 1981
100 1 _aCohen, Abner.
_9102030
245 1 4 _aThe politics of elite culture :
_bexplorations in the dramaturgy of power in a modern African society /
_cAbner Cohen.
260 _aBerkeley :
_bUniversity of California Press,
_cc1981.
300 _axxii, 257 p. ;
_c22 cm.
504 _aBibliography: p. 239-246.
504 _aIncludes indexes.
650 0 _aElite (Social sciences).
_9102031
650 0 _aPower (Social sciences).
_95142
650 0 _aProfessions.
_9102032
650 0 _aBureaucracy.
_9102033
650 0 _aElite (Social sciences)
_zSierra Leona
_xCase studies.
_9102034
942 _2ddc
_cBK
999 _c33615
_d33615